| 000 | 00605nam a2200193Ia 4500 | ||
|---|---|---|---|
| 005 | 20250508163319.0 | ||
| 008 | 008 250505s9999 xx 000 0 eng d | ||
| 037 | _aDissertations | ||
| 040 |
_aFEDL _beng _cFEDL |
||
| 041 |
_aeng _2eng |
||
| 084 |
_a507, ARO/DI _qFEDL |
||
| 100 |
_aArora Manisha _9539841 |
||
| 245 | 0 | _aStudy a group of junior science talent scheme students with respect to scientific creativity and home background | |
| 260 | _c1988 | ||
| 300 | _a68p. | ||
| 546 | _aM.Ed. Dissertation (Delhi University) | ||
| 942 |
_cDIS _h507, ARO/DI |
||
| 999 |
_c1382261 _d1382261 |
||